Flag Colors by First Letter - Whammies - Statistics

General Stats
  • This quiz has been taken 30,697 times
  • The average score is 17 of 21
Answer Stats
Country Colors % Correct
Greece Blue white
99%
Canada Red white
98%
Ukraine Blue yellow
97%
China Red yellow
94%
Japan Red white
92%
Finland Blue white
89%
Switzerland Red white
87%
Israel Blue white
86%
Pakistan Green white
85%
Albania Red black
83%
Sweden Blue yellow
82%
Saudi Arabia Green white
78%
Georgia Red white
76%
Vietnam Red yellow
76%
Singapore Red white
74%
Nigeria Green white
72%
Indonesia Red white
70%
Bangladesh Red green
68%
Kazakhstan Blue yellow
66%
Somalia Blue white
64%
Morocco Red green
61%
No matching quizzes found
Score Distribution
Percent of People with Each Score
Percentile by Number Answered
Your Score History
You have not taken this quiz